Portugal e a CEE em Números

Uložené v:
Podrobná bibliografia
Médium: Kniha
Jazyk:Portuguese
Vydavateľské údaje: Lisboa Instituto Nacional de Estatística 1981
Tagy: Pridať tag
Žiadne tagy, Buďte prvý, kto otaguje tento záznam!

MARC

LEADER 00000nam a2200000 4500
001 c128451
005 20041019155243.6
041 0 |a por 
044 |a PT 
245 1 0 |a Portugal e a CEE em Números 
264 1 |a Lisboa  |b Instituto Nacional de Estatística  |c 1981 
300 |a 25 s.